01795nam a2200481 i 450000100060000000300080000600500170001400600190003100700150005000800410006502000180010602000280012403500220015204000310017405000220020508000100022708200140023724500940025126400550034530000410040033600290044133700330047033800390050349000310054258800830057359001620065665000130081865000500083165000270088165000210090865000130092965000470094265000300098965000290101965500270104870000360107570000350111170000370114679700180118383000320120185600630123399900170129634292FINmELB20241216220907.0m o u cr cn|||||||||210225s2015 mx o 000 0 spa d z9786078348879 a9781512977158q(e-book) a(OCoLC)1241985083 aFINmELBbspaerdacFINmELB14aLB1050bL471 2015 a028.104a428.422303aLa lectura como acto /cMónica Bernal, Irene Fenoglio, Lucille Herrasti, coordinadoras. 1aMéxico, D.F. :bBonilla Artigas Editores,c2015. a1 recurso en línea (123 páginas) atextobtxt2rdamedia/spa acomputadorabc2rdamedia/spa arecurso en línea2rdacarrier/spa1 aPública educación ;v4 aDescripción basada en metadatos suministrados por el editor y otras fuentes. aRecurso electrónico. Santa Fe, Arg.: elibro, 2021. Disponible vía World Wide Web. El acceso puede estar limitado para las bibliotecas afiliadas a elibro. 0aReading. 0aChildren's literaturexHistory and criticism. 0aReading comprehension. 0aVisual literacy. 4aLectura. 4aLiteratura infantilxHistoria y crítica. 4aComprensión de lectura. 4aAlfabetización visual. 4aLibros electrónicos.1 aBernal, Mónica,ecoordinador.1 aFenoglio, Irene,ecoordinador.1 aHerrasti, Lucille,ecoordinador.2 aelibro, Corp. 0aPública educación ;v4.40uhttps://elibro.net/ereader/politecnicointernacional/121738 c34292d34292